Los días (Record no. 79120)
[ view plain ]
| 000 -LEADER | |
|---|---|
| campo de control de longitud fija | 00490nam a2200157 i 4500 |
| 001 - NÚMERO DE CONTROL | |
| campo de control | 79120 |
| 003 - IDENTIFICADOR DE NÚMERO DE CONTROL | |
| campo de control | ES-MaACL |
| 005 - FECHA Y HORA DE LA ÚLTIMA TRANSACCIÓN | |
| campo de control | 20230906173914.0 |
| 007 - CAMPO FIJO DE DESCRIPCIÓN FÍSICA--INFORMACIÓN GENERAL | |
| campo de control de longitud fija | t| |
| 008 - DATOS DE LONGITUD FIJA--INFORMACIÓN GENERAL | |
| campo de control de longitud fija | 041019s1973 sp ||||1| spa d |
| 100 1# - ENTRADA PRINCIPAL--NOMBRE DE PERSONA | |
| Nombre de persona | Henares, Domingo. |
| 9 (RLIN) | 62508 |
| 245 14 - MENCIÓN DEL TÍTULO | |
| Título | Los días |
| Resto del título | : (selección de artículos publicados en el diario "La Voz de Albacete" / |
| Mención de responsabilidad, etc. | Domingo Henares. |
| 260 ## - PUBLICACIÓN, DISTRIBUCIÓN, ETC. | |
| Lugar de publicación, distribución, etc. | [Albacete : |
| Nombre del editor, distribuidor, etc. | La Voz de Albacete, |
| Fecha de publicación, distribución, etc. | 1973] |
| 300 ## - DESCRIPCIÓN FÍSICA | |
| Extensión | 113 p. ; |
| Dimensiones | 19 cm. |
| 852 ## - LOCALIZACIÓN | |
| Ubicación | ES-MaACL |
| Número de control de estantería | C-51560 |
| Sublocalización o colección | R.85149 |
| Estatus retirado | Estado de pérdida | Estado de daño | No para préstamo | Biblioteca de origen | Biblioteca actual | Ubicación en estantería | Fecha de adquisición | Fuente de adquisición | Total de préstamos | Signatura topográfica completa | Código de barras | Visto por última vez | Precio de reemplazo | Tipo de ítem Koha |
|---|---|---|---|---|---|---|---|---|---|---|---|---|---|---|
| Biblioteca del Ateneo de Madrid | Biblioteca del Ateneo de Madrid | Depósito 2 | 17/01/2008 | C-51560 | 1082742 | 23/02/2023 | 23/02/2023 | Libro impreso |
